书目信息 |
| 题名: |
佘赛花
|
|
| 作者: | 史果 编著 | |
| 分册: | ||
| 出版信息: | 上海 上海古籍出版社 1985 |
|
| 页数: | 128页 | |
| 开本: | 19cm | |
| 丛书名: | ||
| 单 册: | ||
| 中图分类: | I247.43 , I242.7 | |
| 科图分类: | ||
| 主题词: | 章回小说--中国--现代 , 长篇小说--中国--现代 | |
| 电子资源: | ||
| ISBN: | ||
| 000 | 00634nam0 2200253 450 | |
| 001 | 1537817601 | |
| 005 | 20150124103049.18 | |
| 010 | @dCNY0.47 | |
| 091 | @a10186.590 | |
| 100 | @a19901105d1985 em y0chiy0110 ea | |
| 101 | 0 | @achi |
| 102 | @aCN@b310000 | |
| 105 | @af z 000ay | |
| 200 | 1 | @a佘赛花@9she sai hua@f史果编著 |
| 205 | @a新1版 | |
| 210 | @a上海@c上海古籍出版社@d1985 | |
| 215 | @a128页@c图@d19cm | |
| 606 | 0 | @a章回小说@y中国@z现代 |
| 606 | 0 | @a长篇小说@y中国@z现代 |
| 690 | @aI247.43@v5 | |
| 690 | @aI242.7@v4 | |
| 701 | 0 | @a史果@9shi guo@4编著 |
| 801 | 0 | @aCN@bTSSF@c20150124 |
| 905 | @aZUCC@dI242.7@eJY4 | |
| 佘赛花/史果编著.-新1版.-上海:上海古籍出版社,1985 |
| 128页:图;19cm |
| ISBN :CNY0.47 |
| ● |
| 相关链接 |
|
|
|
|
正题名:佘赛花
索取号:I242.7/JY4
 
预约/预借
| 序号 | 登录号 | 条形码 | 馆藏地/架位号 | 状态 | 备注 |
| 1 | 7843423 | 278434231 | 学院路分馆/ [索取号:I242.7/JY4] | 在馆 |